Rast ako strategický parameter ani vyspelé ekonomiky nevyužívajú na sto percent výrobný potenciál

Význam ekonomického rastu ako makroekonomického ukazovateľa. Vzťah ekonomického rastu k hrubému domácemu produktu. Nominálny a reálny HDP. Mikroekonomická dimenzia ekonomického rastu. Rozdiely medzi primeraným a maximálnym ekonomickým rastom. Trvalý ekonomický rast.

Guardado en:
Detalles Bibliográficos
Autor principal: Mokrý, Vladimír
Formato: Capítulo de libro
Lenguaje:eslovaco
Materias:
Etiquetas: Agregar Etiqueta
Sin Etiquetas, Sea el primero en etiquetar este registro!

MARC

LEADER 00000naa a2200000 4500
001 r035478
005 20251031120214.5
041 0 |a slo 
044 |a SK 
245 1 0 |a Rast ako strategický parameter  |b ani vyspelé ekonomiky nevyužívajú na sto percent výrobný potenciál  |c Vladimír Mokrý 
520 |a Význam ekonomického rastu ako makroekonomického ukazovateľa. Vzťah ekonomického rastu k hrubému domácemu produktu. Nominálny a reálny HDP. Mikroekonomická dimenzia ekonomického rastu. Rozdiely medzi primeraným a maximálnym ekonomickým rastom. Trvalý ekonomický rast. 
610 2 0 |a rast hospodársky 
610 2 0 |a makroekonomika 
610 2 0 |a produkt domáci hrubý 
610 2 0 |a ukazovatele makroekonomické 
610 2 0 |a mikroekonomika 
610 2 0 |a pojmy 
610 2 0 |a tempo rastu hospodárskeho 
610 2 0 |a teórie rastu hospodárskeho 
610 2 0 |a krajiny vyspelé 
100 1 |a Mokrý, Vladimír